<?xml version="1.0" encoding="UTF-8"?>
<record
    xmlns:xsi="http://www.w3.org/2001/XMLSchema-instance"
    xsi:schemaLocation="http://www.loc.gov/MARC21/slim http://www.loc.gov/standards/marcxml/schema/MARC21slim.xsd"
    xmlns="http://www.loc.gov/MARC21/slim">

  <leader>03087nam a22004337a 4500</leader>
  <datafield tag="999" ind1=" " ind2=" ">
    <subfield code="c">21887</subfield>
    <subfield code="d">21887</subfield>
  </datafield>
  <controlfield tag="003">AR-CdUCM</controlfield>
  <controlfield tag="008">190425b           ||||| |||| 00| 0 spa d</controlfield>
  <datafield tag="040" ind1=" " ind2=" ">
    <subfield code="a">MUNICIPALIDAD PROVINCIAL DEL CUSCO</subfield>
    <subfield code="c">BIBLIOTECA MUNICIPAL DEL CUSCO</subfield>
  </datafield>
  <datafield tag="082" ind1=" " ind2=" ">
    <subfield code="a">Rev.AHC/N&#xB0;17/2005</subfield>
  </datafield>
  <datafield tag="110" ind1=" " ind2=" ">
    <subfield code="a">Archivo Regional del Cusco</subfield>
    <subfield code="9">46600</subfield>
  </datafield>
  <datafield tag="245" ind1=" " ind2=" ">
    <subfield code="a">Revista del Archivo Regional del Cusco /</subfield>
    <subfield code="c">Archivo Regional del Cusco</subfield>
  </datafield>
  <datafield tag="260" ind1=" " ind2=" ">
    <subfield code="a">Cusco :</subfield>
    <subfield code="b">Kopy Graf,</subfield>
    <subfield code="c">2005.</subfield>
  </datafield>
  <datafield tag="300" ind1=" " ind2=" ">
    <subfield code="a">259 p&#xE1;ginas. :</subfield>
    <subfield code="c">23 cm.</subfield>
  </datafield>
  <datafield tag="440" ind1=" " ind2=" ">
    <subfield code="a">Revista del Archivo Hist&#xF3;rico Regional del Cusco.</subfield>
    <subfield code="n">N&#xB0;17, 2005.</subfield>
    <subfield code="9">46666</subfield>
  </datafield>
  <datafield tag="505" ind1=" " ind2=" ">
    <subfield code="a">Contenido: El archivo Regional y el turismo intelectual. -- A la memoria del Dr. Horacio Antonio Villanueva Urteaga. Juan Fernando Vargas B&#xE9;jar.  -- Veintidos  barrios en el Cusco Incaico. V&#xED;ctor &#xC1;ngles Vargas. .-- Los nietos del Inca Lloque Yupangui, la panaca haguainin y los Tisoc Sayre Tupa. Donato Amado Gonzales. -- El alf&#xE9;rez real de indios nobles del Cusco, desconocimiento y continuidad institucional 1780-1824. Yeni Olaz&#xE1;bal Navarro. Marleny Vel&#xE1;squez Gamboa. -- San Jer&#xF3;nimo entre ayllus reales y haciendas espa&#xF1;olas. Calixto Coanqui Quispe. -- El Hospital de naturales del Cusco, su fundaci&#xF3;n y otras informaciones de sus or&#xED;genes y primeros tiempos. Jorge Olivera Olivera. -- Cacicazgo y poder en Huayllabamba. Eleazar Crucinta Ugarte. -- Los Antis y el extractivismo mercantil en Madre de Dios 1567-1910. Oscar Paredes Pando.-- Perezoso y bellaco, mitolog&#xED;a es'ejja. Alain Monnier. -- Santiago Mata indios y Virgen Mar&#xED;a en el Suntur Wasi. Ana Mar&#xED;a G&#xE1;lvez Barriera. -- Medio y ruta de los datos en la historia, formas legales como medio y ruta del registro de la historia. Hugo A, Altamirano Vega. -- La catedral del Cusco, desde sus fundaciones hasta su consagraci&#xF3;n 1534-1668. Armando Harvey Valencia, Katherine Harvey Recharte. -- El aporte valioso del Cusco a la independencia peruana en el periodo de diputado de don Juan &#xC1;ngel Bujanda. Roberto C&#xE1;ceres Olivera. La miner&#xED;a y el capital extranjero en el sur andino 1900-1920. V&#xED;ctor R. Aguilar Callo, Luis F. Medina Suyo. -- Identidad y sucesi&#xF3;n, la nobleza ind&#xED;gena cusque&#xF1;a. Margareth Najarro.</subfield>
  </datafield>
  <datafield tag="650" ind1=" " ind2=" ">
    <subfield code="a">Turismo</subfield>
    <subfield code="9">46667</subfield>
  </datafield>
  <datafield tag="650" ind1=" " ind2=" ">
    <subfield code="a">Inkas</subfield>
    <subfield code="9">1899</subfield>
  </datafield>
  <datafield tag="650" ind1=" " ind2=" ">
    <subfield code="a">Barrios inkas</subfield>
    <subfield code="9">46668</subfield>
  </datafield>
  <datafield tag="650" ind1=" " ind2=" ">
    <subfield code="a">Alf&#xE9;rez Real </subfield>
    <subfield code="9">46669</subfield>
  </datafield>
  <datafield tag="650" ind1=" " ind2=" ">
    <subfield code="a">San Jer&#xF3;nimo</subfield>
    <subfield code="9">30852</subfield>
  </datafield>
  <datafield tag="650" ind1=" " ind2=" ">
    <subfield code="a">Hospital de Naturales Cusco</subfield>
    <subfield code="9">46670</subfield>
  </datafield>
  <datafield tag="650" ind1=" " ind2=" ">
    <subfield code="a">Cacicazgo</subfield>
    <subfield code="9">46631</subfield>
  </datafield>
  <datafield tag="650" ind1=" " ind2=" ">
    <subfield code="a">Miner&#xED;a </subfield>
    <subfield code="9">430</subfield>
  </datafield>
  <datafield tag="650" ind1=" " ind2=" ">
    <subfield code="a">Santiago Ap&#xF3;stol </subfield>
    <subfield code="9">46671</subfield>
  </datafield>
  <datafield tag="650" ind1=" " ind2=" ">
    <subfield code="a">Catedral del Cusco</subfield>
    <subfield code="9">46672</subfield>
  </datafield>
  <datafield tag="700" ind1=" " ind2=" ">
    <subfield code="a">Amado Gonzales, Donato</subfield>
    <subfield code="9">45219</subfield>
  </datafield>
  <datafield tag="700" ind1=" " ind2=" ">
    <subfield code="a">C&#xE1;ceres Olivera, Roberto</subfield>
    <subfield code="9">46587</subfield>
  </datafield>
  <datafield tag="700" ind1=" " ind2=" ">
    <subfield code="a">Villanueva Urteaga, Horacio</subfield>
    <subfield code="9">5790</subfield>
  </datafield>
  <datafield tag="700" ind1=" " ind2=" ">
    <subfield code="a">Najarro Espinoza, Margareth</subfield>
    <subfield code="9">1300</subfield>
  </datafield>
  <datafield tag="700" ind1=" " ind2=" ">
    <subfield code="a">Angles Vargas, V&#xED;ctor</subfield>
    <subfield code="9">46665</subfield>
  </datafield>
  <datafield tag="700" ind1=" " ind2=" ">
    <subfield code="a">Coanqui Quispe, Calixto</subfield>
    <subfield code="9">44118</subfield>
  </datafield>
  <datafield tag="700" ind1=" " ind2=" ">
    <subfield code="a">Olivera Olivera, Jorge</subfield>
    <subfield code="9">46673</subfield>
  </datafield>
  <datafield tag="700" ind1=" " ind2=" ">
    <subfield code="a">Crucinta Ugarte, Eleazar</subfield>
    <subfield code="9">5525</subfield>
  </datafield>
  <datafield tag="700" ind1=" " ind2=" ">
    <subfield code="a">Paredes Pando, Oscar</subfield>
    <subfield code="9">14521</subfield>
  </datafield>
  <datafield tag="700" ind1=" " ind2=" ">
    <subfield code="a">G&#xE1;lvez Barrera, Ana Mar&#xED;a</subfield>
    <subfield code="9">46149</subfield>
  </datafield>
  <datafield tag="700" ind1=" " ind2=" ">
    <subfield code="a">Medina Suyo, Luis</subfield>
    <subfield code="9">46683</subfield>
  </datafield>
  <datafield tag="942" ind1=" " ind2=" ">
    <subfield code="2">ddc</subfield>
    <subfield code="c">PP</subfield>
  </datafield>
  <datafield tag="945" ind1=" " ind2=" ">
    <subfield code="a">rac</subfield>
  </datafield>
  <datafield tag="952" ind1=" " ind2=" ">
    <subfield code="0">0</subfield>
    <subfield code="2">ddc</subfield>
    <subfield code="4">0</subfield>
    <subfield code="7">0</subfield>
    <subfield code="a">HEM</subfield>
    <subfield code="b">HEM</subfield>
    <subfield code="c">CART</subfield>
    <subfield code="d">2021-09-13</subfield>
    <subfield code="g">10.00</subfield>
    <subfield code="o">Rev.AHC/N&#xB0;17/2005</subfield>
    <subfield code="p">REVC000405</subfield>
    <subfield code="r">2021-09-13</subfield>
    <subfield code="y">PP</subfield>
  </datafield>
  <datafield tag="952" ind1=" " ind2=" ">
    <subfield code="0">0</subfield>
    <subfield code="2">ddc</subfield>
    <subfield code="4">0</subfield>
    <subfield code="7">0</subfield>
    <subfield code="a">HEM</subfield>
    <subfield code="b">HEM</subfield>
    <subfield code="c">CART</subfield>
    <subfield code="d">2021-09-13</subfield>
    <subfield code="g">10.00</subfield>
    <subfield code="o">Rev.AHC/N&#xB0;17/2005/e.2</subfield>
    <subfield code="p">REVC000401</subfield>
    <subfield code="r">2021-10-04</subfield>
    <subfield code="y">PP</subfield>
  </datafield>
</record>
